000 01197nam a2200361 i 4500
001 bg
003 KOSZ 005
005 20230213125956.0
008 071107s1968 pl a f f 000 0 pol
015 _aPB 1968/8814
040 _aWA N
_cWA N
_dKOSZ 005/RW
_dKOSZ 005/HR
046 _k1968
080 _a669
080 _a621.7
080 _a621.9
100 1 _aMuszyński, Zbigniew
_d(1912-1991)
_eAutor
245 1 0 _aTechnologia metali :
_bwybrane działy.
_nT. 2 /
_cZbigniew Muszyński.
260 _aWarszawa :
_bPaństwowe Wydawnictwo Naukowe,
_c1968.
300 _a260 s., [7] k. tabl. :
_bil. ;
_c24 cm.
336 _2rdacontent
_aTekst
_btxt
337 _2rdamedia
_aBez urządzenia pośredniczącego
_bn
338 _2rdacarrier
_aWolumin
_bnc
380 _aKsiążki
388 _a1901-2000
388 _a1945-1989
504 _aBibliogr. s. [254]-255.
650 4 _aObróbka metali
655 4 _aPodręczniki akademickie
658 _aInżynieria i technika
710 2 _aPaństwowe Wydawnictwo Naukowe
_4pbl.
856 _uhttp://koha.tu.koszalin.pl/cgi-bin/koha/opac-detail.pl?biblionumber=11172
_yKatalog online BPK
942 _2UKD
_cKS
999 _c11172
_d11172